Up and down the Nile : ägyptologische Studien für Regine Schulz /

محفوظ في:

مؤلفون آخرون: Ullmann, Martina (المحرر), Pieke, Gabriele (المحرر), Hoffmann, Friedhelm (المحرر), Bayer, Christian (المحرر), Gebhardt, Sara (المحرر), Schulz, Regine, 1953- (honouree.)

التنسيق: كتاب

اللغة: English
German

منشور في: Münster : Zaphon, 2021.

سلاسل: Ägypten und Altes Testament ; 97

الموضوعات:

الوسوم: إضافة وسم

لا توجد وسوم, كن أول من يضع وسما على هذه التسجيلة!

رقم الطلب: DS57 .D55 v.97

LEADER 04984nam a22005777a 4500
005 20260429110127.0
008 260429t20212021gw abcd b 010 0 eng d
010 |a  2022450146 
020 |a 9783963270840  |q (hardbound) 
020 |a 3963270845  |q (hardbound) 
024 3 |a 9783963270840 
035 |a 22366997 
035 |a (OCoLC)1286534386 
040 |a OHX  |b eng  |e rda  |c OHX  |d JPG  |d OCLCO  |d OCLCF  |d JHE  |d PAU  |d PTS  |d OCLCQ  |d OCLCO  |d DLC 
041 0 |a eng  |a ger 
042 |a lccopycat 
043 |a f-ua--- 
050 1 4 |a DS57  |b .D55 v.97 
072 7 |a DT  |2 lcco 
082 0 4 |a 932  |2 23/eng/20230216  |q OCoLC 
245 0 0 |a Up and down the Nile :  |b ägyptologische Studien für Regine Schulz /  |c herausgegeben von Martina Ullmann, Gabriele Pieke, Friedhelm Hoffmann und Christian Bayer ; unter Mitarbeit von Sara Gebhardt. 
246 3 0 |a Ägyptologische Studien für Regine Schulz 
264 1 |a Münster :  |b Zaphon,  |c 2021. 
264 4 |c ©2021 
300 |a xx, 322 pages, xli pages of plates :  |b illustrations (some color), map, portraits, chart, plans, facsimiles ;  |c 31 cm. 
336 |a text  |b txt  |2 rdacontent 
337 |a unmediated  |b n  |2 rdamedia 
338 |a volume  |b nc  |2 rdacarrier 
490 1 |a Ägypten und Altes Testament ;  |x 0720-9061 ;  |v 97 
504 |a Includes bibliographical references. 
505 0 0 |t Archaeology of New Religious Thought in Old Kingdom Egypt : Statues in Burial Chambers in Abusir /  |r Miroslav Barta --  |t "Ohne Mammon kein Amon" : die Figur des Hildesheimer Amun PM 4553 /  |r Christian Bayer --  |t Gedankenspiele zu den Stelophoren des Neuen Reichs /  |r Edith Bemhauer --  |t Nachtrag : ein echt zweifelhaftes "Modell" /  |r Helmut Brandl --  |t A Newly Joined Example from the Statue Cult of Amenhotep III /  |r Betsy M. Bryan --  |t Drei Bruchstücke von Götterhymnen : die Ostraka Berlin P 11293 AS, P 14202 VS und P 14263 VS /  |r Günter Burkard --  |t Ahmose, Son of Ahmose, Scribe and Mayor of Sai /  |r W. Vivian Davies --  |t A Silk Purse? /  |r Marianne Eaton-Krauss --  |t Child Statue of Ramses II from Arab Al-Hisn /  |r Mamdouh Eldamaty --  |t Colours of Ancient Egypt - An Educational Exhibition at the Egyptian Museum, Cairo /  |r Wafaa El-Saddik --  |t Eine blaue Schönheit : ein ungewöhnlicher Kelch aus der Ramsesstadt /  |r Henning Franzmeier --  |t Ein Wiedergänger aus Roseneggers Garten : eine 'Bürglstein'-Fälschung im Staatlichen Museum Ägyptischer Kunst in München /  |r Alfred Grimm --  |t "... und mischt darein das Aug des Wiedehopfs" : Merkwürdige Rezepturen und ihre byzantinische Kontextualisierung /  |r Isabel Grimm-Stadelmann --  |t Aspekte der pharaonischen Musik : Stimme, Musiker und Aufiuhrungspraxis von Debeheni bis zu den altägyptischen Liebesliedern /  |r Rainer Hannig,  |r Heidi Köpp-Junk,  |r Daniela Rutica --  |t Excavation in the West Valley of the Kings : Findings of Season 3 /  |r Zahi Hawass --  |t A Bird in Hand : the Miho God Reassessed /  |r Marsha Hill,  |r Deborah Schorsch --  |t Einige Beobachtungen zur Rückenschutzformel /  |r Friedhelm Hoffmann --  |t An Epistolary Footnote : Howard Carter, Saleh Hamdi Bey, and Tutankhamun's Mummy /  |r Salima Ikram --  |t A Sadly Neglected Demotic Graffito from Western Thebes (C̆erný-Sadek Graffito 3434) /  |r Richard Jasnow --  |t A Corpus of Amama Talatat Blocks that depict a Royal Daughter / Royal Wife /  |r W. Raymond Johnson --  |t Die Neue-Reichs-Institution des Mnevisgottes in Heliopolis, ihre Theologie und ihr Personal /  |r Dieter Kessler --  |t A Swimming Girl Spoon from Sheikh Farag /  |r Peter Lacovara --  |t 'Diener seines Herrn' : zum Kuboid des Amenemhat in den Reiss-Engelhom-Museen Mannheim /  |r Gabriele Pieke --  |t More Women's Beds from Deir el-Medina /  |r Maarten J. Raven --  |t Unimembral Nominal Sentence in Late Egyptian /  |r Helmut Satzinger --  |t A "New" Stela of the Vizier To (Chicago OIM E14655) /  |r Emily Teeter --  |t Re-Harachte und Amun-Re im Grossen Tempel von Abu Simbel; mit einem Beitrag zur Bedeutung des widdergestaltigen Amun /  |r Martina Ullmann --  |t Fayence-Kopfbedeckungen königlicher und göttlicher Kompositstatuetten aus Pi-Ramesse /  |r Alexandra Verbovsek --  |t Von Königin Nitokris bis zur Königin von Saba /  |r Stefan Jakob Wimmer. 
546 |a 15 English, 14 German contributions. 
650 7 |a Antiquities  |2 fast 
651 0 |a Egypt  |x Antiquities. 
651 6 |a Égypte  |x Antiquités. 
651 7 |a Egypt  |2 fast 
655 7 |a Festschriften.  |2 fast  |0 http://id.worldcat.org/fast/1941036 
655 7 |a Festschriften.  |2 lcgft 
700 1 |a Ullmann, Martina,  |e editor. 
700 1 |a Pieke, Gabriele,  |e editor. 
700 1 |a Hoffmann, Friedhelm,  |e editor. 
700 1 |a Bayer, Christian,  |e editor. 
700 1 |a Gebhardt, Sara,  |e editor. 
700 1 |a Schulz, Regine,  |d 1953-  |e honouree. 
776 0 8 |z 9783963270857  |i e-book version 
830 0 |a Ägypten und Altes Testament ;  |v 97 
906 |a 7  |b cbc  |c copycat  |d 3  |e ncip  |f 20  |g y-gencatlg 
942 |2 lcc  |c BK 
955 |b fd21 2023-11-22 z-processor  |i fd21 2023-12-18 telework to CMD 
955 |a ve21 2021-12-31  |a fd10 2022-08-17  |a fd00 2022-08-24 to GS/GER 
999 |c 62206  |d 62206